Reviewing the constitution ? / (Record no. 127448)

MARC details
000 -LEADER
fixed length control field 00771nam a22002537a 4500
005 - DATE AND TIME OF LATEST TRANSACTION
control field 20170124110025.0
010 ## - LIBRARY OF CONGRESS CONTROL NUMBER
LC control number B-031589
020 ## - INTERNATIONAL STANDARD BOOK NUMBER
Terms of availability 00.00
International Standard Book Number 8175410612
035 ## - SYSTEM CONTROL NUMBER
System control number B-031589
037 ## - SOURCE OF ACQUISITION
Source of stock number/acquisition Cen Lib/Ret
040 ## - CATALOGING SOURCE
Original cataloging agency DPL
Language of cataloging EN
082 ## - DEWEY DECIMAL CLASSIFICATION NUMBER
Classification number 342.54
Item number REV
245 ## - TITLE STATEMENT
Title Reviewing the constitution ? /
Statement of responsibility, etc edited by Subhash C. Kashyap, D.D. Khanna [and] gert W. Kueck
260 ## - PUBLICATION, DISTRIBUTION, ETC. (IMPRINT)
Name of publisher, distributor, etc Shipra publications
Place of publication, distribution, etc Delhi
Date of publication, distribution, etc 2000
270 ## - ADDRESS
City Delhi
Postal code 110092
Address 115-A Vikas marg shakarpur
300 ## - PHYSICAL DESCRIPTION
Extent vii,407p.
Dimensions 21cm(Hb)
500 ## - GENERAL NOTE
General note Includes index
650 ## - SUBJECT ADDED ENTRY--TOPICAL TERM
Topical term or geographic name as entry element Law
9 (RLIN) 104
650 ## - SUBJECT ADDED ENTRY--TOPICAL TERM
Topical term or geographic name as entry element Costitution
9 (RLIN) 20526
700 ## - ADDED ENTRY--PERSONAL NAME
Personal name Kashyap, Subhash C.
9 (RLIN) 8440
700 ## - ADDED ENTRY--PERSONAL NAME
Personal name Khanna, D.D
9 (RLIN) 5716
700 ## - ADDED ENTRY--PERSONAL NAME
Personal name Kueck, Gert W.
9 (RLIN) 5717
942 ## - ADDED ENTRY ELEMENTS (KOHA)
Source of classification or shelving scheme Dewey Decimal Classification
Koha item type English Books
Classification part 342.54
Call number suffix REV
Holdings
Withdrawn status Lost status Damaged status Not for loan Home library Current library Date acquired Source of acquisition Cost, normal purchase price Total Checkouts Full call number Barcode Date last seen Copy number Cost, replacement price Price effective from Koha item type
        Central Library Central Library 29/06/2015 Cen Lib/Ret 0.00   342.54 REV B-031589 29/06/2015 1 0.00 29/06/2015 English Books

© Delhi Public Library
Hit Counter
free hit counter